Современные вопросы теории функции и функционального анализа: сборник научных трудов

Մատենագիտական մանրամասներ
Համատեղ հեղինակ: Карагандинский государственный университет
Այլ հեղինակներ: Смаилов Е. С. (редактор)
Լեզու:ռուսերեն
Հրապարակվել է: Караганда, Изд-во КарГУ, 1988
Խորագրեր:
Ձևաչափ: MixedMaterials Գիրք
KOHA link:https://koha.lib.tpu.ru/cgi-bin/koha/opac-detail.pl?biblionumber=214665

MARC

LEADER 00000nam1a2200000 4500
001 214665
005 20231101225916.0
020 |a RU  |b 89-62870 
035 |a (RuTPU)RU\TPU\book\234540 
090 |a 214665 
100 |a 20120426d1988 k y0rusy5003 ca 
101 0 |a rus 
102 |a KZ 
200 1 |a Современные вопросы теории функции и функционального анализа  |e сборник научных трудов  |f Карагандинский государственный университет; под ред. Е. С. Смаилова 
210 |a Караганда  |c Изд-во КарГУ  |d 1988 
215 |a 143 с. 
320 |a Библиогр. в конце статей 
610 1 |a теории 
610 1 |a функциональный анализ 
610 1 |a приближение 
610 1 |a ряды Фурье 
610 1 |a операторы 
610 1 |a марковские цепи 
610 1 |a сборники 
610 1 |a функции 
675 |a 517.5  |v 3 
675 |a 517.98  |v 3 
702 1 |a Смаилов  |b Е. С.  |4 340 
712 0 2 |a Карагандинский государственный университет  |2 stltpush  |3 (RuTPU)RU\TPU\col\8041  |9 24461 
801 0 |a RU  |b RuMRKP  |c 19950417  |g psbo 
801 1 |a RU  |b 63413507  |c 20120426 
801 2 |a RU  |b 63413507  |c 20140320  |g RCR 
942 |c BK